Statistics for Actors by Obscure Movies

Click here to take the quiz!

General Stats

  • This quiz has been taken 380 times
  • The average score is 6 of 11

Answer Stats

HintAnswer% Correct
Dragnet, The Burbs, The Great Buck HowardTom Hanks
71%
Bloody Mama, 1900, A Bronx TaleRobert De Niro
70%
Coma, The China Syndrome, Falling DownMichael Douglas
65%
The Terror, The Passenger, The Two JakesJack Nicholson
63%
The Bounty, Payback, The Million Dollar HotelMel Gibson
62%
Frisco Kid, Mosquito Coast, Random HeartsHarrison Ford
60%
Scarecrow, ...And Justice For All, CruisingAl Pacino
55%
Swimming with Sharks, Midnight in the Garden of Good and Evil, The Big KahunaKevin Spacey
55%
Magic, The Bunker, TitusAnthony Hopkins
36%
The Longest Day, Outland, Time BanditsSean Connery
35%
The Mouse that Roared, After the Fox!, I Love You Alice B. ToklasPeter Sellers
21%

Score Distribution

Percentile by Number Answered

Percent of People with Each Score

Your Score History

You have not taken this quiz